书目信息 |
| 题名: |
分子免疫学
|
|
| 作者: | 余传霖 熊思东 | |
| 分册: | ||
| 出版信息: | 上海 复旦大学出版社 2001 |
|
| 页数: | 1402 | |
| 开本: | 26cm | |
| 丛书名: | ||
| 单 册: | ||
| 中图分类: | R392.11 | |
| 科图分类: | ||
| 主题词: | 医药学:免疫学 | |
| 电子资源: | ||
| ISBN: | 7-5627-0604-2 | |
| 000 | 00549nam0 2200181 450 | |
| 001 | 0741144344 | |
| 005 | 20070817112544.34 | |
| 010 | @a7-5627-0604-2@b精装@d¥160.00 | |
| 100 | @a20070817d km y0chiy0120 ea | |
| 101 | 0 | @achi |
| 200 | 1 | @a分子免疫学@Afen zi mian yi xue@f余传霖 熊思东@Fyu chuan lin xiong si dong |
| 210 | @a上海@c复旦大学出版社@d2001 | |
| 215 | @a1402@d26cm | |
| 606 | 0 | @a医药学:免疫学 |
| 690 | @aR392.11@v3 | |
| 701 | 0 | @a余传霖 熊思东@Ayu chuan lin xiong si dong |
| 801 | 0 | @aCN@bPFT@c20070817 |
| 905 | @a213230@dR392.11@en1@f1 | |
| 分子免疫学/余传霖 熊思东.-上海:复旦大学出版社,2001 |
| 1402;26cm |
| ISBN 7-5627-0604-2(精装):¥160.00 |
| ● |
| 相关链接 |
|
|
|
|
正题名:分子免疫学
索取号:R392.11/n1
 
预约/预借
| 序号 | 登录号 | 条形码 | 馆藏地/架位号 | 状态 | 备注 |
| 1 | 6600920 | 266009204 | 密集书库-生命科学系/ [索取号:R392.11/n1] | 在馆 |